00765nam a2200265 a 4500001001300000003000900013005001700022008004100039020001000080082001700090100002700107245002400134260004800158300000900206500003500215505001000250650002300260650002200283650001900305700002700324902000800351942000700359952011800366999001500484nice12345678IN_TiNIC20260116013033.0050524s1975 isla grp 000 0 ara  ac10000a297.409bMAS aMasoodi, Mir Wali Khan aMaqsood-Ul-Momineen aIslamabadbIdara-I-Tahqeeqat-I-Islamic1975 a374p aincludes index and biblioraphy2 aIndex aMysticism-Critique aTasavvuf-Critique aBayazid Ansari1 aMasoodi, Mir Wali Khan bSRS cBK 001040708StackRoom-aHMIbHMId2011-11-25g100.00l0o297.409 MASp014688r2011-11-25v100.00w2005-05-24yBK c9375d9375